00874nam a2200169 a 450000100100000000500170001000800410002702000150006804000250008310000360010824500640014426001000020830000430030850502300035195201060058199900170068700004196620201002035846.0131025s2000 sp a 000 0 spa d a848587305X aDO-SdBNPbspacBNPHU1 aAlmagro Gorbea, Antonio.96889113aEl Palacio Omeya de 'AMMÂN /cAntonio Almagro...[et. al]. aGranada :bEscuela de Estudios Arabes, CSIC :bReal Academia de Bellas Artes de Granada,c2000. av. (354), p. (134) p. lám. ;c30 cm.2 av. 3tInvestigación arqueológica y restauración, 1989-1997 /rAntonio Almagro, Pedro Jimenéz, Julio Navarro ; con la colaboración de Ignacio Arce, José Antonio Fernéndez, Alvaro Jiménez y Ma. Belén Sánchez 0010507-18MOaGRbGRcOId2013-10-25iLF1l0o p41966-10r2020-06-25w2020-06-25y1ZNo se presta c41455d41455